[Event "Ostrava Cup"]
[Site "Ostrava"]
[Date "1998.??.??"]
[Round "2"]
[White "Shulman, Yuri"]
[Black "Nedela, Vlastimil"]
[Result "1/2-1/2"]
[WhiteElo "2480"]
[BlackElo "2330"]
[Annotator "Shulman/Kapengut"]
[PlyCount "85"]
[EventDate "1998.07.??"]
[EventType "tourn"]
[EventRounds "11"]
[EventCountry "CZE"]
[EventCategory "9"]
[SourceTitle "CBM 065"]
[Source "ChessBase"]
[SourceDate "1998.08.06"]
[SourceVersion "1"]
[SourceVersionDate "1998.08.06"]
[SourceQuality "1"]

1. d4 Nf6 2. c4 g6 3. Nc3 Bg7 4. e4 O-O 5. Nf3 c5 6. d5 d6 7. h3 e6 8. Bd3 exd5
9. cxd5 b5 10. Nxb5 Nxe4 11. Bxe4 Re8 12. Ng5 Qa5+ 13. Nc3 Ba6 (13... f5 $6 14.
O-O fxe4 (14... Bxc3 15. bxc3 fxe4 16. Qc2 $16 {Kaminski,M}) 15. Ncxe4 (15. Ne6
$6 Bxe6 16. dxe6 Bxc3 17. bxc3 Qxc3 18. Bd2 Qe5 19. Rb1 Nc6 20. Rb7 Qxe6 21.
Bh6 Re7 22. Rxe7 Nxe7 23. Re1 Nf5 24. Bf4 d5 $15 {Bellaiche,A-Gusseinov,G,
Menorka 1996}) 15... Ba6 16. Re1 Nd7 17. Ne6 Be5 18. Bd2 Qb6 19. Bc3 Re7 20. f4
$1 Bxc3 21. bxc3 Rb8 22. Qg4 Bd3 23. Qh4 Rbe8 24. f5 $1 c4+ 25. Kh1 gxf5 26.
Qg3+ Kh8 27. Nxd6 $16 {Wachinger,G-Gass,U,Bayern Oberliga 1994}) (13... Bxc3+
$6 14. bxc3 Ba6 (14... Qxc3+ 15. Bd2 Qc4 16. Rc1 Rxe4+ 17. Nxe4 Qxe4+ 18. Qe2
$16 {Alburt,L;Chernin,A}) (14... h6 {->12...h6}) 15. Bd2 $1 {[/\ c4]} Bc4 $8 (
15... f5 16. c4 Qa3 17. Qb3 Qxb3 18. axb3 fxe4 19. Ne6 $18 {Hansen,C}) 16. Qf3
$1 f5 (16... Re7 17. Qf6 Qd8 18. f3 {/\ Kf2} h6 $6 19. Ne6 $1 fxe6 20. Qxg6+
$18 {Hansen,C}) 17. Ne6 $1 {/\ 17...fe4 18.Qf6 +-} Nd7 (17... Re7 18. Bd3 $18)
18. Bxf5 $1 Re7 (18... gxf5 $4 19. Qg3+ $18) (18... Ne5 19. Qg3 {/\ f4} Bxd5 $2
20. c4 $18 {Hansen,C}) 19. Qg3 $1 (19. Be4 Rae8 $1 (19... Rf7 20. Qg3 $1 Nf6
21. Bxg6 $18) (19... Rf8 $2 20. Nxf8 Bxd5 21. Nxd7 $1 Rxe4+ 22. Qxe4 Bxe4 23.
Nf6+ Kf7 24. Nxe4 $18) (19... Ne5 20. Qe3 $1 Rae8 21. f4 $1 Rxe6 22. dxe6 Rxe6
23. fxe5 Rxe5 24. Kf2 $18) 20. Qf4 $1 Qa6 $1 $13 {Hansen,C} (20... Ne5 21. f3
Bxd5 22. c4 $18) (20... Rxe6 21. dxe6 Rxe6 22. f3 d5 23. Kf2 dxe4 24. Rhe1 $1
Ne5 25. Kg1 $1 Nd3 26. Qb8+ Kg7 27. Rxe4 Rxe4 28. Qb7+ Kg8 29. Qxe4 $18)) 19...
Nf8 (19... Rae8 $6 20. Bxg6 $1 {Hansen,C-Gierse,HD,corr CCYB 9/58 1992} Rxe6+ (
20... Rg7 21. Bf7+ $1) 21. dxe6 Rxe6+ 22. Be4+ Kh8 23. f3 d5 24. Kf2 dxe4 25.
Rhe1 $18 {Hansen,C}) 20. f3 Rae8 21. Kf2 Kh8 (21... Bxd5 22. Nf4 $18) 22. Bg5
$1 $18 {Hansen,C}) 14. Bd2 (14. f3 f5 $5 (14... Bd4 $6 15. Bd2 f5 16. Ne6 fxe4
17. Nxe4 Qb6 18. Qb3 (18. Bc3 Bxc3+ 19. bxc3 Nd7 20. Kf2 Kh8 21. Kg3 Re7 22.
Rb1 Qa5 23. Qd2 {1-0 Rublevsky,S-Haburdzania,N,Alma-Ata 1991}) 18... Nd7 19.
Bc3 Bxc3+ 20. Qxc3 Ne5 $6 (20... Re7 {AK}) 21. O-O-O (21. Nf6+ $1 $18 {AK})
21... Re7 22. f4 Nd7 23. h4 Be2 24. Rde1 Bg4 25. h5 gxh5 26. Ng3 Qb4 27. Nxh5
Rb8 28. Re3 Qxc3+ 29. Rxc3 Bxh5 30. Rxh5 $16 {Nickoloff,B-Horton,J,Toronto
ch-CAN 1996}) (14... Nd7 15. Kf2 Bd4+ 16. Be3 Bxe3+ 17. Kxe3 Rab8 18. Qc2 Ne5
19. Kf2 Bd3 $1 20. Qa4 Rxb2+ 21. Kg3 Qd8 22. h4 h6 23. Bxd3 hxg5 24. Ne4 $1
Nxd3 25. Qxe8+ Qxe8 26. Nf6+ Kf8 27. Nxe8 gxh4+ 28. Rxh4 Kxe8 29. Ra4 $16 {
Rychagov,A-Nevostrujev,V,St-Peterburg 1994}) 15. Kf2 Bd4+ 16. Kg3 Be5+ 17. Bf4
Qd8 $5 (17... Bxf4+ $6 18. Kxf4 Qb4 19. Qa4 Re7 20. Kg3 h6 21. Ne6 Qxa4 22.
Nxa4 fxe4 23. fxe4 Bc8 24. e5 $18 {Budnikov,A-Keil,U,Berlin open 1992}) 18. h4
(18. Ne6 $140 $2 Rxe6 19. dxe6 Qg5+ $19 {AK}) 18... Bxf4+ 19. Kxf4 fxe4 (19...
Qf6 $6 20. Kg3 (20. Ne6 $6 fxe4+ 21. Kg3 exf3 22. Qxf3 Qe5+ 23. Qf4 Qxf4+ 24.
Kxf4 Re7 $13) 20... fxe4 21. Ngxe4 Qe5+ 22. f4 Qg7 23. Qg4 Nd7 24. Qxd7 $1 $18
{AK}) 20. Ncxe4 (20. Ngxe4 Qe7 21. h5 $140 $6 Qe5+ 22. Ke3 g5 23. Re1 Nd7 24.
Qa4 Rab8 $5 $44 {AK}) 20... Nd7 21. Ne6 (21. h5 h6 22. Ne6 g5+ 23. Kg3 Qe7 $14
{AK}) 21... Qb6 22. Qb3 Rab8 23. Qxb6 Rxb6 24. b3 $16 {AK} (24. Rhd1 $5)) (14.
Qf3 Nd7 $5 (14... f5 $6 15. g4 (15. Kd1 $6 Bxc3 16. Qxc3 (16. bxc3 $5 {AK})
16... Qxc3 17. bxc3 fxe4 18. Re1 Nd7 19. Nxe4 Re5 $1 20. Rb1 Rxd5+ 21. Bd2 Rf8
$5 22. Rb3 Ne5 23. f3 Nd3 24. Rg1 Nf4 25. Ra3 Be2+ {1/2-1/2 Sattarov,FM-Sumkin,
AN,corr 20 USSR ch. sf 1991/93 ;CYB 13 1993}) 15... Rxe4+ (15... Nd7 16. gxf5
Ne5 17. Qg3 Nd3+ 18. Kd2 Be5 19. Qh4 $40 {Epishin,V}) 16. Ngxe4 fxe4 17. Qxe4
Bxc3+ (17... Nd7 18. Kd1 $1 Ne5 19. Re1 Rb8 20. f4 Rb4 21. Qe3 Rd4+ 22. Bd2 Rd3
23. fxe5 Rxe3 24. Rxe3 Bxe5 25. Kc2 Qb4 26. Rae1 $44 {Epishin,V}) 18. bxc3
Qxc3+ 19. Kd1 Nd7 20. Rb1 Ne5 21. Rb3 Qc4 (21... Bd3 $2 22. Qxg6+ $1 $18 {
Epishin,V-Bellon Lopez,J,Logrono tt 1991}) 22. Re1 Qxe4 23. Rxe4 Bc4 24. Ra3
Bxd5 25. Rea4 $44 {Epishin,V}) 15. Qxf7+ (15. Bd2 Ne5 {AK}) 15... Kh8 16. Qxd7
Bb5 17. Qxg7+ (17. Qf7 $2 Bxc3+ 18. bxc3 Qxc3+ 19. Kd1 Qd4+ $40 {AK}) 17...
Kxg7 18. Ne6+ Kg8 19. f3 Rab8 20. Kf2 Ba6 $44 {Dokuchaev,A-Lukovnikov,A,URS-sf
Voronez 1991}) (14. Qc2 Nd7 (14... Rxe4+ $6 15. Ngxe4 (15. Qxe4 $140 $2 Bxc3+
16. Kd1 Nd7 17. Qf4 Ne5 18. Bd2 Bxd2 19. Qxd2 Qa4+ $17) 15... Nd7 16. f4 $1 $18
{AK} (16. Bd2 Ne5 $13)) 15. Bd2 f5 (15... Ne5 $6 16. O-O-O f5 17. Na4 Qd8 18.
f4 fxe4 19. fxe5 Bd3 20. Qb3 Rb8 21. Qa3 Bxe5 22. Nc3 (22. Ne6 $6 Qf6 23. Bc3
Bf4+ 24. Bd2 Be5 $11 {Agrest,E-Baklanova,T,St.Peterburg Mem.Chigorin 1994})
22... c4 23. Rhe1 e3 24. Bxe3 Bxc3 25. Qxc3 Rxe3 26. Ne6 $1 $18 {AK}) 16. Ne6
Ne5 (16... fxe4 $6 17. Nxe4 Qb5 (17... Qb6 18. Nxg7 Rxe4+ 19. Qxe4 Ne5 20. Bc3
Nd3+ 21. Kd2 Nxb2 22. Qe6+ Kf8 23. Qf6+ Kg8 24. Nf5 Nc4+ 25. Kc1 {1-0
Georgievski,S-Ilic,L,Macedonian-ch Struga 1993}) 18. O-O-O (18. Bc3 Bxc3+ 19.
Nxc3 Qa5 20. O-O-O Ne5 21. Rhe1 Rab8 22. Rxe5 $1 dxe5 23. Ne4 $16 {Bischoff,
K-Pirrot,D,BL Heidelberg-Bayern 1990}) 18... Rab8 19. Bc3 Rxe6 20. dxe6 Ne5 21.
Nxd6 Qb6 22. e7 Nd3+ 23. Rxd3 Bxd3 24. Qxd3 Bxc3 25. Qc4+ {1-0 Votava,
J-Knazovcik,L,Pardubice op 1992}) 17. f4 Nc4 18. Bd3 Nxd2 (18... Rab8 $6 19.
Bxc4 Bxc4 20. Kf2 Bd4+ 21. Kg3 Qb4 22. Nxd4 cxd4 23. Ne4 Qxb2 24. Qxb2 Rxb2 25.
Nxd6 {1-0 Lehmann,H-Keil,U,Berliner Sommer open 1994}) 19. Bxa6 Ne4 20. O-O
Qxa6 21. Nc7 Qc4 22. Nxa8 Rxa8 23. Rf3 Bxc3 24. bxc3 Qxd5 $14 {AK}) 14... Nd7 (
14... f5 15. Qc2 {/\ 0-0-0 +/- Alburt,L;Chernin,A}) (14... h6 15. Ne6 {->12...
h6}) 15. f3 $6 (15. f4 Rab8 16. Qc2 f5 17. Ne6 fxe4 18. Nxe4 Qb5 19. Bc3 Bxc3+
$5 (19... Qc4 20. O-O-O Bxc3 (20... Bh6 $6 21. g3 Rb6 22. a3 Qe2 23. Rhe1 Qf3
24. N6g5 Bxg5 25. Nxg5 Rxe1 26. Nxf3 {1-0 Movsziszian,K-Voigt,M,Hamburg-ch 1992
}) 21. Qxc3 Rb6 22. Rhe1 Qxc3+ 23. Nxc3 Reb8 24. Rd2 Nf6 25. g4 $14 {AK}) 20.
bxc3 Qc4 21. Rd1 Rb6 {/\Bb7=/+ AK}) (15. a4 $6 Qb6 16. Qc2 f5 17. Nb5 Bxb5 {
1/2-1/2 Sturua,Z-Wojtkiewicz,A,Katerini GP-2 1992}) (15. Ne2 Qb5 16. a4 Qxe2+
17. Qxe2 Bxe2 18. Kxe2 Nf6 19. f3 h6 20. Ne6 Nxe4 21. Nxg7 Ng3+ 22. Kd3 c4+ 23.
Kc2 Kxg7 $132 {De Prado,O-Martin Gonzalez,A,Candas open 1992}) 15... Rab8 (
15... h6 $6 16. Nxf7 (16. Ne6 $6 fxe6 17. Bxg6 Re7) 16... Kxf7 17. Kf2 $16) (
15... Ne5 $6 16. Ne2 Qb6 17. O-O h6 18. Nxf7 Kxf7 19. Bc3 $16) 16. Qc2 Ne5 (
16... h6 17. Nxf7 (17. Ne6 fxe6 18. Bxg6 Ne5 19. b3 Nxg6 20. Qxg6 exd5+ 21. Kd1
$13) 17... Kxf7 18. Kf2 (18. Kd1 Nf8 19. Re1 Kg8 20. Rc1 Qb4 $14) 18... Nf8 19.
g3 Qb4 20. Rab1 Bc8 21. Ne2 Qb5 22. Nf4 g5 $16) 17. Kf2 (17. Ne2 Qb5 18. Bc3
Nd3+ 19. Bxd3 Qxd3 20. Qxd3 Bxd3 21. Ne4 f5 22. N4g3 Bxc3+ 23. bxc3 Rb2 24.
O-O-O Rc2+ 25. Kb1 Rb8+ 26. Ka1 Bxe2 $17) 17... Nc4 $6 (17... Bd3 $1 18. Nd1 (
18. Bxd3 Rxb2 19. Rhe1 Rf8 $1 (19... Reb8 20. Rab1 $1) (19... Rxc2 20. Bxc2 $14
) 20. Nce4 Qa3 21. Re3 Rxc2 22. Bxc2 Qb2 $17) 18... Bxc2 19. Bxa5 Bxd1 20.
Raxd1 (20. b3 Nc4 $1) 20... Nc4 21. Bc3 Nxb2 22. Rc1 h6 23. Ne6 fxe6 24. Bxg6
Re7 25. dxe6 Rxe6 26. Bf5 Re7 $132) 18. Rab1 Qd8 19. h4 (19. Bf4 Bd4+ 20. Kg3
Be5 21. h4 Bxf4+ 22. Kxf4 h6 23. Nxf7 Qf6+ 24. Kg3 Kxf7 $132) 19... Bd4+ 20.
Kg3 Qf6 21. Rhe1 $6 (21. Kh2 $1 h6 22. Nh3 Be5+ 23. g3 Nxd2 24. Qxd2 Qxh4 25.
Qf2 $18) 21... Nxd2 22. Qxd2 Rxb2 $1 23. Qxb2 Be5+ 24. Kf2 Bxc3 (24... Bd4+ 25.
Kg3 (25. Re3 $2 Qf4 26. Qc1 Qxh4+ 27. Kg1 Qxg5 28. Nd1 f5 $19) 25... Be5+ 26.
Kf2 $11 (26. Kh3 $4 Qf4)) (24... Qf4 $5 25. Re2 (25. Nh3 Bd4+) 25... Qxh4+ 26.
Kg1 (26. Kf1 f5 27. Nh3 fxe4 28. Kg1 exf3 29. Rxe5 Rxe5 30. Qf2 Qd4 $44) 26...
Qxg5 $5 $44 (26... Bxe2 $2 27. Nh3 Bd4+ 28. Kh2 (28. Kh1 Bxf3 $1) 28... Be5+
29. Kh1 Qg3 30. f4 Bxc3 31. Qxe2 f5 32. Qd3 $18)) 25. Qa3 (25. Qc1 Bxe1+ 26.
Qxe1 h6 27. Qa5 (27. Nh3 Qxh4+ 28. Ke3 Qxe1+ 29. Rxe1 f5 $17) 27... Qd4+ 28.
Kg3 Bd3 29. Bxd3 Qxd3 30. Ne4 Qxb1 31. Nf6+ Kf8 32. Nxe8 Kxe8 $11) 25... Bd4+ (
25... Bd3 26. Qa4) 26. Re3 Qf4 (26... h6 27. Qxa6 hxg5 28. Qd3 $16) 27. g3
Qxe3+ 28. Qxe3 Bxe3+ 29. Kxe3 h6 30. Nh3 f5 31. Nf4 fxe4 32. fxe4 Bc8 $6 (32...
Kf7 $11 33. Rb3 $140 Bc8) 33. Rb8 Kf7 34. Nd3 (34. Ra8 $5 a6 35. Nd3 Bb7 36.
Ra7 Re7 37. Kf4 Kf6 (37... Bc8 $6 38. Ra8 Bb7 39. Rb8 $14) 38. Nb2 g5+ 39.
hxg5+ hxg5+ 40. Kf3 $36) 34... Ba6 $11 35. Rxe8 Kxe8 36. Nf4 Kf7 37. Ne6 Bc8
38. Nd8+ Kf6 39. Nc6 a6 40. Na5 g5 41. hxg5+ hxg5 42. Nc4 Ke7 43. a3 1/2-1/2

[Event "RUS-Cup9"]
[Site "Novgorod"]
[Date "1997.06.13"]
[Round "3"]
[White "Ibragimov, Ildar"]
[Black "Batsanin, Dmitry"]
[Result "0-1"]
[WhiteElo "2555"]
[BlackElo "2300"]
[Annotator "Stohl,I"]
[PlyCount "79"]
[EventDate "1997.06.11"]
[EventType "swiss"]
[EventRounds "9"]
[EventCountry "RUS"]
[SourceTitle "CBM 060"]
[Source "ChessBase"]
[SourceDate "1997.09.29"]
[SourceVersion "1"]
[SourceVersionDate "1997.09.29"]
[SourceQuality "1"]

1. d4 c5 2. d5 g6 3. c4 Bg7 4. Nc3 d6 5. e4 e6 6. Nf3 {With the N still on g8
Black can choose other possibilities and develop it to a different square. But
in this game he avoids all these alternatives and goes for the main line.} (6.
Bd3 exd5 7. cxd5 a6 8. a4 Nh6 $5 9. Nf3 O-O 10. O-O Bg4 11. h3 Bxf3 12. Qxf3
Nd7 13. Qe2 Qh4 14. Qe3 Rae8 15. Qg5 Qxg5 16. Bxg5 f5 17. Rfe1 Nf7 18. Bd2 Nfe5
19. Bf1 f4 20. a5 g5 21. Na4 h5 22. Ra3 g4 $36 {Malaniuk,V-Szalanczy,E/Linz op/
1997/}) (6. h3 exd5 7. cxd5 a6 8. a4 Ne7 $5 9. Nf3 O-O 10. Be2 h6 11. Nd2 Nd7
12. Nc4 Nb6 13. Ne3 Nd7 14. O-O g5 15. Bg4 Ne5 16. Qc2 $13 {1/2,Sherbakov,
R-Kotsur,P/RUS-Cup4 Perm/1997/}) 6... exd5 7. cxd5 a6 8. h3 (8. a4 Bg4 $5 9.
Be2 Bxf3 10. Bxf3 Nd7 11. O-O Ne7 $5 (11... Ngf6 {leads to a theoretical
Benoni position.}) 12. a5 O-O 13. Bg5 h6 14. Bh4 g5 15. Bg3 Ne5 16. Be2 N7g6
17. Qd2 Rc8 18. Na4 c4 19. Rac1 c3 20. Nxc3 Qxa5 $132 {Enoeckl,P-Szalanczy,E/
Linz op/1997/}) 8... b5 9. Bd3 Nf6 10. O-O O-O {By a strange move order we
have arrived at a topical Benoni position (A70)} 11. a3 (11. a4 $6 c4 12. Be2
b4 13. Na2 a5 14. Bxc4 Nxe4 15. Re1 f5 16. Rb1 Ba6 17. Bxa6 Nxa6 18. Be3 Nac5
19. Nc1 Qd7 20. Bxc5 dxc5 21. Ne2 Qd6 22. Qb3 Rac8 23. Qc4 Rcd8 24. Red1 Rfe8
25. Qb5 Qc7 26. b3 Nd6 27. Qd3 c4 $17 {Feofanov,V-Bejnerovich,A/RUS-Cup8
Smolensk/1997/}) (11. Bf4 Ra7 $146 ({More usual is} 11... Qb6 12. Re1 Nbd7 $13)
(11... Re8 12. Re1 Qb6 13. a4 $5 c4 14. Bf1 Bb7 15. axb5 axb5 16. Rxa8 Bxa8 17.
b4 $1 $36 {Vyzmanavin,A-Stefansson,H/Moscow GMA-op/1989/}) 12. Qd2 Re7 13. Rfe1
Rfe8 14. a3 Nh5 15. Bh2 Qb6 16. Rac1 Nd7 17. b4 $5 c4 18. Bc2 Ne5 19. Nxe5 Bxe5
20. Bd1 Nf6 21. Bxe5 Rxe5 22. Bf3 Nd7 23. Bg4 Nf6 24. Bxc8 Rxc8 25. Kh2 Rce8
26. f3 R5e7 27. a4 $14 {Adla,D-Volzhin,A/Ubeda op/1997/}) 11... Re8 (11... Nh5
$5 12. Bg5 Qc7 13. Qd2 Nd7 14. Rac1 Bb7 15. Rfe1 Rae8 16. b4 Bc8 17. Bh6 c4 18.
Bc2 Ne5 19. Nd4 Bxh6 20. Qxh6 Qb6 21. Red1 Nd3 22. Bxd3 Qxd4 23. Be2 Qg7 24.
Qe3 f5 25. Bxh5 gxh5 26. Qd4 fxe4 27. Nxe4 Qg6 $40 {Levitt,J-Suba,M/Dublin
Telecom/1991/}) 12. Re1 Nbd7 ({Too artificial is} 12... Ra7 $6 13. Be3 $1 (13.
Bf4 Rae7 14. Qc2 b4 15. axb4 cxb4 16. Na4 Bd7 17. Re3 Bb5 18. Nd2 Nh5 19. Bh2
Bh6 20. Re2 f5 21. Nc4 fxe4 22. Bxe4 b3 23. Qd3 Qc7 24. Bxd6 Qxc4 25. Bxe7 Qxd3
26. Bxd3 Bxd3 27. Ree1 Nd7 $17 {Yurtaev,L-Yudasin,L/URS-FL56/Simferopol/1988/})
13... Nbd7 (13... Rae7 14. e5) 14. Rc1 Ra8 15. Bf4 c4 16. Bc2 Nc5 17. Qd2 Qb6
18. Rcd1 Nfd7 19. Be3 Bb7 20. Bd4 f6 21. Nh2 Re7 22. Nf1 Rae8 23. Ne3 Bh6 24.
f3 Qc7 25. Qf2 Bg7 26. f4 Qb6 27. Qg3 a5 28. a4 $1 $16 {Sakaev,K-Lyrberg,P/
Helsinki op/1992/}) 13. Bf4 Qb6 (13... Qc7 14. Rc1 Nh5 15. Be3 Ne5 16. Be2 $13
{1/2,Vilkov-Lukovnikov,A/Briansk RUS-chT/1995/}) (13... c4 14. Bc2 Nc5 15. Qd2
({Premature is} 15. e5 $6 dxe5 16. Bxe5 Bb7 17. d6 Nfd7 18. Bxg7 Rxe1+ 19. Qxe1
Kxg7 20. Ne4 Bxe4 21. Bxe4 Rc8 22. Rd1 Qf6 23. Bd5 Nd3 24. Qe7 N7c5 25. b4 cxb3
26. Qxf6+ Kxf6 27. Bxb3 Rd8 $17 {Chuchelov,V-Lyrberg,P/Hamburg Wichern op/1993/
}) 15... Bb7 16. Rad1 Qb6 17. Bh6 Nfd7 (17... Bh8 $5 $132) 18. Bxg7 Kxg7 19.
Qd4+ f6 20. Nd2 Rac8 21. Re3 Re7 22. f4 Rce8 23. Rde1 Na4 24. Qxb6 Naxb6 25.
Kf2 Nc5 26. Nf3 f5 27. exf5 Rxe3 28. Rxe3 Rxe3 29. Kxe3 Nxd5+ 30. Nxd5 Bxd5 31.
Nh4 Bf7 32. g4 $16 {Browne,W-De Firmian,N/USA-ch/1994/}) 14. Qd2 $146 {A
complicated position. Despite allowing Black's expansion on the Q-side, White
has a strong center and that's where his chances lie. But Black has pressure
on the half open e-file, thus making it difficult for White to make any
progress. Also an advance of the Q-side pawns may be dangerous in favourable
circumstances. Basically it can be said White's typical central plan is much
harder to realize without the typical prophylactic a4.} (14. Rc1 Nh5 15. Bh2
Bb7 16. Bb1 c4 17. b3 Rac8 $6 (17... cxb3 18. Qxb3 Nc5 $15) 18. b4 a5 19. g4
axb4 20. axb4 Nhf6 21. Bf4 Ba6 22. Be3 Qb7 23. Nd4 $16 {Deantoni,V-Lumongdong,
L/Novi Sad olw/1990/}) 14... c4 (14... Bb7 15. b4 $5 Rac8 16. Rac1 $14) 15. Bc2
Bb7 16. Rad1 Rad8 (16... Re7 $5 $132 {could spare Black a tepmo.}) 17. Bh6 Bh8
$5 {As practical examples show, Black should avoid the exchange of the Bg7 as
long as possible, otherwise White gets attacking chnaces against Black's K,
also the B controls the important e5 square. See e.g. Browne-DeFirmian.} 18.
Be3 Qc7 19. Bd4 Bg7 20. Nh2 (20. b4 cxb3 21. Bxb3 Nc5 $13) 20... Re7 21. Re2
Rde8 22. Rde1 Qb8 23. f4 {Logical. But it was probably wiser to play the
prophylactic} (23. b4 $5 cxb3 $8 (23... Bc8 24. f4 $16) 24. Bxb3 Qc7 $132 {
[%cal Yd7c5] /\Nc5} (24... Nc5 $5 {/\} 25. Bxc5 dxc5 26. d6 Nxe4 $1)) 23... a5
$1 $36 24. Na2 (24. b4 $6 cxb3 25. Bxb3 b4 $15 {[%csl Re4] ><e4}) (24. Nf3 b4
25. axb4 axb4 26. Nd1 Ba6 $36 {[%cal Rc4c3] /\c3}) 24... Qc7 25. Nf3 Nc5 26.
Nc3 Ba6 (26... b4 $5 27. axb4 axb4 28. Nb5 Qb6 29. Nxd6 (29. Qxb4 Nxd5 $1 30.
Qxc4 Nxf4 $17) 29... Qxd6 30. e5 (30. Qxb4 Nfxe4 $5 31. Bxe4 Rxe4 32. Rxe4 Nxe4
33. Qxb7 Bxd4+ 34. Nxd4 Qxf4 $15) 30... Qxd5 $5 (30... Qb6 31. exf6 Bxf6 32.
Rxe7 Rxe7 33. Rxe7 Bxe7 34. Qe2 $36) 31. exf6 Rxe2 32. Rxe2 Rxe2 33. Qxe2 Ne6
$15) 27. e5 Nfd7 28. e6 $5 {White goes for tactical complications at any cost.}
(28. exd6 Qxd6 29. Rxe7 Rxe7 30. Rxe7 Qxe7 31. Bxg7 Kxg7 32. d6 Qf6 $15) (28.
Ne4 Nxe4 (28... dxe5 29. Nxc5 Nxc5 30. fxe5 $36 {[%csl Gd5,Ge5] [+]}) 29. Rxe4
dxe5 30. Bf2 $5 (30. fxe5 Nxe5 31. Nxe5 Bxe5 32. Bxe5 Rxe5 33. d6 Qa7+ $15)
30... Qd6 31. Qxa5 $13) 28... fxe6 29. dxe6 Rxe6 (29... Nxe6 $2 30. Bxg7 Kxg7
31. Nd5 Qc5+ 32. Kh1 $18) 30. Bxg7 Kxg7 31. f5 (31. Qd4+ $5 Kg8 32. Ne4 $1 Bb7
$5 (32... Nxe4 33. Bxe4 Bb7 34. Bxb7 Rxe2 35. Bd5+ $18) 33. Nxd6 Rxe2 34. Nxe8
Ne6 $1 (34... Rxe1+ 35. Nxe1 Ne6 36. Qxd7 $18) 35. Nxc7 (35. Qxd7 Qxd7 36. Nf6+
Kf7 37. Nxd7 Rxc2 $36 {/\} (37... Bxf3 $2 38. Ne5+ Kf6 39. Nxf3 Rxc2 40. Rxe6+
$1 $18) 38. Rxe6 Bxf3) 35... Rxe1+ (35... Nxd4 36. Rxe2 Nxe2+ 37. Kf2 Nxf4 38.
Nxb5 $11) 36. Nxe1 Nxd4 $15) 31... Rxe2 32. Rxe2 Rxe2 33. Qxe2 Nf6 (33... Ne5
$6 34. Nd5 $44) 34. fxg6 $2 {Only here White loses his way.} (34. Nd4 $142 b4 (
34... Qd7 35. fxg6 hxg6 36. Ncxb5 $1 $36) 35. axb4 axb4 36. Ncb5 Qd7 37. Qxc4
b3 38. Bxb3 Bxb5 39. Nxb5 Nxb3 40. Qxb3 Qxf5 $11) 34... b4 $1 (34... hxg6 $143
35. Nd4 $13) 35. Nd4 $138 (35. axb4 axb4 36. Nd1 (36. gxh7 bxc3 37. bxc3 $17)
36... hxg6 $17) 35... bxc3 36. gxh7 Bc8 $138 (36... Kh8 37. bxc3 $17) (36...
cxb2 $5 37. Qe6 (37. Nf5+ Kh8 $19) 37... Nxe6 38. Nxe6+ Kh8 39. Nxc7 Bb7 {
[%cal Rb7e4] /\Be4-+}) 37. Qe3 Qf7 $2 (37... Kh8 $1 38. Qxc3 (38. Nb5 Qb6 39.
bxc3 d5 $1 $17 (39... Qxb5 $2 40. Qg5)) 38... Qg7 $17) (37... cxb2 $2 38. Qg5+
$18) 38. Qg5+ $2 (38. Qg3+ Kh8 39. Qxd6 $44) 38... Kh8 39. Bg6 (39. bxc3 Qg7
40. Qh4 Bb7 $19) 39... Qg7 40. bxc3 $138 (40. bxc3 Nce4 41. Qxa5 Qxg6 42. Qd8+
Qe8 $19) 0-1

[Event "Moscow Veterans"]
[Site "Moscow"]
[Date "1991.??.??"]
[Round "?"]
[White "Bagirov, Vladimir"]
[Black "Vasiukov, Evgeni"]
[Result "1-0"]
[WhiteElo "2485"]
[BlackElo "2500"]
[Annotator "Stohl,I"]
[PlyCount "143"]
[EventDate "1991.06.??"]
[EventType "tourn"]
[EventRounds "9"]
[EventCountry "URS"]
[EventCategory "10"]
[SourceTitle "CBM 025"]
[Source "ChessBase"]
[SourceDate "1991.12.01"]
[SourceVersion "1"]
[SourceVersionDate "1991.12.01"]
[SourceQuality "1"]

1. d4 Nf6 2. c4 c5 3. d5 g6 4. Nc3 Bg7 5. e4 O-O 6. Bd3 e6 7. Nf3 exd5 8. cxd5
(8. exd5 d6 9. h3 Re8+ 10. Be3 {-E}) 8... d6 9. h3 Re8 (9... b5 $5 10. Nxb5 Re8
$1 11. O-O (11. Bg5 $6 c4 $1 12. Bxc4 Rxe4+ $146 {Kapengut}) 11... Nxe4 12. Re1
Ba6 $13) 10. O-O c4 11. Bc2 Na6 $6 {N} (11... b5 $142 12. a3 a6 13. Re1 Nbd7
14. Be3 Bb7 15. Qd2 Rc8 16. Rad1 Nc5 17. Bg5 Qb6 18. e5 Nfd7 19. e6 fxe6 20.
dxe6 Nxe6 21. Be3 Ndc5 $10 {Chernin,A-Hulak,K,Marseille 1990-CBM 20}) 12. Be3 (
12. Bf4 Nc5 13. Re1 Nh5 14. Bh2 Qb6 15. Rb1 $14) 12... Nb4 (12... Nc5 $2 13. e5
$16) 13. Nd2 $5 (13. Bb1 Bd7 14. a3 Na6 $132) 13... Nxc2 14. Qxc2 {><c4} Bd7 (
14... Qe7 15. Nxc4 Nxe4 16. Nxe4 Qxe4 17. Qxe4 Rxe4 18. Nxd6 $16) (14... Qc7
15. Nb5 $16) 15. Nxc4 Qe7 16. Bf4 $1 (16. f3 b5 17. Nd2 b4 18. Nd1 Bb5 $146)
16... Nxe4 17. Rfe1 Bxc3 $8 (17... Bf5 18. Nxe4 Bxe4 19. Qd2 $18 {/\f3,Nd6})
18. bxc3 Bf5 19. Nxd6 (19. f3 $2 Qc7 $1 20. fxe4 Qxc4 $15) 19... Nxd6 20. Rxe7
Bxc2 21. Bxd6 Red8 $8 (21... Rxe7 22. Bxe7 {/\d6+-}) 22. Bf4 Rxd5 23. Rxb7 $16
h5 (23... Rc5 24. Re1 Rxc3 25. Ree7 Rf8 26. Bh6 $18) 24. Re1 Rd1 $8 25. Rxd1
Bxd1 26. Bb8 $5 a5 27. c4 Ra6 28. c5 Ba4 29. Be5 Kf8 30. Bd6+ Kg7 31. f3 g5 32.
Kf2 Bc6 33. Rc7 Kg6 34. Ke3 a4 35. a3 g4 36. Kf4 gxf3 37. gxf3 Bd5 38. h4 Ra8 (
38... Rc6 39. Ra7 $18) 39. Re7 {/\Re5><h5} Bc6 (39... f6 40. Ke3 $16) 40. Rc7
Bd5 41. Be5 Re8 (41... Rd8 $142 $16 {/\} 42. c6 $2 Re8 {/\Re6}) 42. Rd7 Bc6 43.
Rd2 $18 Re6 (43... f6 44. Rd6 $1 Rxe5 45. Rxc6 $18) 44. Rg2+ Kh6 45. Rg8 $1 {
/\Kf5,Rh8#} Bxf3 $8 46. Kxf3 Rxe5 47. c6 Rc5 48. Rc8 {/\Ke4-d4} Kg7 (48... f5
49. Ke3 Kg7 50. Kd4 Rc1 51. Ke5 $18) 49. Ke4 Kf6 50. Kd4 Rc1 51. Kd5 Ke7 52.
Ra8 f5 53. Rxa4 $18 {_|_} Kd8 54. Kd6 Rd1+ 55. Ke5 Kc7 (55... Rc1 56. Rd4+ Kc7
57. Kxf5 Rxc6 58. Rd5 $18) 56. Rc4 Rf1 57. a4 Rf2 58. Kf6 $1 {><h5} f4 59. Kg5
f3 60. Kxh5 Rd2 61. Rf4 f2 62. Rf6 Rd5+ 63. Kg4 Rd4+ 64. Kg3 Rxa4 65. Rxf2 Kxc6
66. Rd2 Kc7 67. h5 Rb4 68. h6 Rb6 69. Rh2 Rb8 70. h7 Rh8 71. Kf4 Kd7 72. Kg5 (
72. Kg5 Ke7 73. Kg6 Kf8 74. Rf2+ $18 {[Stohl]}) 1-0